000 00619nam a2200241Ia 4500
003 OSt
005 20221005124517.0
006 a|||||r|||| 00| 0
007 ta
008 221004b |||||||| |||| 00| 0 tam d
024 _a47261
037 _cTextual
040 _aCRL
_cCRL
_btam
041 _2tam
_atam
082 _aNWxNKR, 31N2
100 _aNarayanan Aranthai
_9635351
245 0 _aNagareega komali N.S. Krishnan
260 _c1992
300 _a280
_ccm.
650 _aMOTION PICTURES
_927571
942 _hNWxNKR, 31N2
_cTEXL
_2cc
999 _c1050711
_d1050711